000 00361nam a2200133Ia 4500
008 191201s2009 xx 000 0 und d
100 _aHALSALL,Fred
245 0 _aMultimedia Communications applications, Network , Protocols and Standards
250 _aimp
260 _aN. delhi
_bpearson
_c2009
300 _a1056
650 _aB.Tech(ECE)
942 _2ddc
_cBK
_02
999 _c4408
_d4408